000 nam a22 7a 4500
999 _c9508
_d9508
008 180201b ||||| |||| 00| 0 eng d
100 _aRaman
_95694
245 _aMy window to computer learning -II
260 _aNew Delhi
_bBrainwaves Information Publication
_c2008